New Zealand 2019 Cricket World Cup Squad - Statistics

General Stats
  • This quiz has been taken 258 times
  • The average score is 13 of 15
Answer Stats
Role Answer % Correct
Batsman Kane Williamson
100%
Bowler Trent Boult
99%
Batsman Martin Guptill
95%
Batsman Ross Taylor
94%
Bowler Tim Southee
94%
Batsman/Wicket-keeper Tom Latham
91%
All-rounder Mitchell Santner
87%
All-rounder Jimmy Neesham
84%
Bowler Matt Henry
83%
Bowler Ish Sodhi
82%
All-rounder Colin de Grandhomme
76%
Batsman Henry Nicholls
75%
Bowler Lockie Ferguson
73%
Batsman Colin Munro
63%
Batsman/Wicket-keeper Tom Blundell
55%
No matching quizzes found
Score Distribution
Percent of People with Each Score
Percentile by Number Answered
Your Score History
You have not taken this quiz